[Event "Interclubs Adultes"]
[Site "BELFORT"]
[Date "24.??.??"]
[Round "2.6"]
[White "Riff, Vincent"]
[Black "Li, Frederic"]
[Result "1-0"]
[WhiteElo "2303"]
[BlackElo "2108"]
[PlyCount "67"]
[EventDate "24.??.??"]
[WhiteTeam "Mulhouse II"]
[BlackTeam "Creteil"]

1. e4 e5 2. Nf3 Nc6 3. Bb5 a6 4. Ba4 b5 5. Bb3 Bc5 6. d3 Nf6 7. Nc3 d6 8. Nd5
h6 9. c3 Bg4 10. h3 Bd7 11. O-O O-O 12. d4 Ba7 13. dxe5 Nxe4 14. exd6 Nxd6 15.
Bf4 Bc5 16. Bc2 a5 17. Qd2 f5 18. Nxc7 Qxc7 19. Qd5+ Rf7 20. Qxc5 Nb7 21. Qe3
Qc8 22. Bb3 Nbd8 23. Bxf7+ Nxf7 24. Ne5 Ncxe5 25. Bxe5 Bc6 26. Qg3 Qf8 27. Rfe1
Ng5 28. h4 Ne4 29. Qg6 Ra6 30. Rad1 Bb7 31. Qxg7+ Qxg7 32. Bxg7 Rg6 33. Rd8+
Kh7 34. Be5 1-0

[Event "Interclubs Adultes"]
[Site "BELFORT"]
[Date "24.??.??"]
[Round "2.7"]
[White "Lam, Sophie"]
[Black "Tournier, Pascal"]
[Result "1-0"]
[WhiteElo "2079"]
[BlackElo "2122"]
[PlyCount "45"]
[EventDate "24.??.??"]
[WhiteTeam "Creteil"]
[BlackTeam "Mulhouse II"]

1. e4 c5 2. Nf3 Nc6 3. d4 cxd4 4. Nxd4 g6 5. Nc3 Bg7 6. Be3 Nf6 7. Bc4 Qa5 8.
O-O O-O 9. Bb3 d6 10. h3 Bd7 11. Re1 Nxd4 12. Bxd4 Bc6 13. Nd5 Bxd5 14. exd5
Rfe8 15. Bc3 Qc5 16. Qd3 b5 17. Bd4 Qb4 18. a4 a6 19. Qd1 Nd7 20. c3 Qa5 21.
axb5 Qxb5 22. Ba4 Qb7 23. Bc6 1-0

[Event "Interclubs Adultes"]
[Site "BELFORT"]
[Date "24.??.??"]
[Round "2.8"]
[White "Richard, Emma"]
[Black "L'Huillier, Helene"]
[Result "1/2-1/2"]
[WhiteElo "1955"]
[BlackElo "2022"]
[PlyCount "65"]
[EventDate "24.??.??"]
[WhiteTeam "Mulhouse II"]
[BlackTeam "Creteil"]

1. e4 e5 2. Nf3 Nc6 3. Bb5 d6 4. d4 exd4 5. Qxd4 Bd7 6. Bxc6 Bxc6 7. Nc3 Nf6 8.
Bg5 Be7 9. O-O-O O-O 10. h4 Re8 11. Kb1 Nxe4 12. Nxe4 Bxe4 13. Qxe4 Bxg5 14.
Qf5 Bf6 15. g4 Qc8 16. Qf4 Be5 17. Nxe5 Rxe5 18. Rhe1 Re6 19. g5 Qe8 20. Qd2
Qa4 21. Rxe6 fxe6 22. h5 Rf8 23. h6 Qf4 24. Qa5 Qf3 25. Rc1 b6 26. Qxa7 Qc6 27.
Qa3 Rxf2 28. Qe3 Rf7 29. Qxe6 Qd7 30. Qd5 Qf5 31. Qg2 Qf3 32. Qh2 Qf4 33. Qg2
1/2-1/2

[Event "Interclubs Adultes"]
[Site "BELFORT"]
[Date "24.??.??"]
[Round "2.1"]
[White "Istratescu, Andrei"]
[Black "Ikonnikov, Vyacheslav"]
[Result "1/2-1/2"]
[WhiteElo "2631"]
[BlackElo "2555"]
[PlyCount "57"]
[EventDate "24.??.??"]
[WhiteTeam "Belfort"]
[BlackTeam "Gambsheim"]

1. d4 Nf6 2. c4 e6 3. Nc3 Bb4 4. Nf3 d6 5. Qc2 c5 6. a3 Bxc3+ 7. Qxc3 cxd4 8.
Nxd4 e5 9. Nc2 Be6 10. f3 Nbd7 11. e4 Rc8 12. Ne3 O-O 13. Qd3 b5 14. Qxd6 bxc4
15. Be2 Nc5 16. Qxd8 Rfxd8 17. Bd2 Nb3 18. Rd1 Nd7 19. Bc3 f6 20. Rd6 Ndc5 21.
Rxd8+ Rxd8 22. Bxc4 Bxc4 23. Nxc4 Na4 24. Kf2 Nxc3 25. bxc3 Rd3 26. Rb1 Rxc3
27. Ne3 a5 28. a4 h5 29. h4 1/2-1/2

[Event "Interclubs Adultes"]
[Site "BELFORT"]
[Date "24.??.??"]
[Round "2.2"]
[White "Schwalfenberg, Joerg"]
[Black "Vajda, Levente"]
[Result "0-1"]
[WhiteElo "2335"]
[BlackElo "2564"]
[PlyCount "76"]
[EventDate "24.??.??"]
[WhiteTeam "Gambsheim"]
[BlackTeam "Belfort"]

1. d4 Nf6 2. Nf3 g6 3. g3 Bg7 4. Bg2 O-O 5. O-O d6 6. c4 Nbd7 7. Nc3 e5 8. e4
exd4 9. Nxd4 Re8 10. h3 a6 11. Be3 Rb8 12. Qc2 c5 13. Nde2 b5 14. cxb5 axb5 15.
Nf4 b4 16. Ncd5 Bb7 17. Rfd1 g5 18. Nxf6+ Nxf6 19. Nd5 Nxd5 20. exd5 Bc8 21.
Rd2 h6 22. Qc4 Qa5 23. Bf1 b3 24. Qc1 bxa2 25. Bc4 Bxh3 26. Rxa2 Qd8 27. Kh2
Bg4 28. Bf1 f5 29. Ra4 Bf3 30. Bg2 Bxg2 31. Kxg2 Qf6 32. Re2 Qf7 33. Rd2 Rb3
34. Qa1 Qg6 35. Qb1 Qf6 36. Re2 Qf7 37. Rd2 Reb8 38. Ra6 f4 0-1

[Event "Interclubs Adultes"]
[Site "BELFORT"]
[Date "24.??.??"]
[Round "2.3"]
[White "Butunoi, Alexandru"]
[Black "Marzolf, Bruno"]
[Result "1-0"]
[WhiteElo "2403"]
[BlackElo "2252"]
[PlyCount "79"]
[EventDate "24.??.??"]
[WhiteTeam "Belfort"]
[BlackTeam "Gambsheim"]

1. e4 e5 2. Nf3 Nc6 3. Bb5 a6 4. Ba4 Nf6 5. O-O Nxe4 6. d4 b5 7. Bb3 d5 8. dxe5
Be6 9. Nbd2 Nc5 10. c3 Be7 11. Bc2 Bg4 12. h3 Bh5 13. Re1 Qd7 14. Nf1 Rd8 15.
Ng3 Bg6 16. Nd4 Nxd4 17. cxd4 Ne6 18. Nf5 c5 19. Be3 cxd4 20. Nxd4 Bxc2 21.
Qxc2 Nxd4 22. Bxd4 Rc8 23. Qd3 O-O 24. Rad1 Rc6 25. Re2 Rd8 26. f4 Qc8 27. Kh2
Bc5 28. Qf3 Bxd4 29. Rxd4 Rc4 30. Rxd5 Rxd5 31. Qxd5 Rxf4 32. e6 fxe6 33. Rxe6
Kh8 34. Rxa6 Rf8 35. Rb6 Qc1 36. Qe5 Qc4 37. b3 Qc2 38. Rb8 Rg8 39. Rxg8+ Kxg8
40. Qe8# 1-0

[Event "Interclubs Adultes"]
[Site "BELFORT"]
[Date "24.??.??"]
[Round "2.4"]
[White "Becht, Lucas"]
[Black "Monsieux, Cyril"]
[Result "1/2-1/2"]
[WhiteElo "2198"]
[BlackElo "2342"]
[PlyCount "91"]
[EventDate "24.??.??"]
[WhiteTeam "Gambsheim"]
[BlackTeam "Belfort"]

1. e4 g6 2. d4 Bg7 3. Nc3 c6 4. f4 d5 5. e5 Nh6 6. Be3 Qb6 7. Na4 Qa5+ 8. c3 f6
9. h3 Nf5 10. Bf2 fxe5 11. dxe5 b5 12. Nc5 b4 13. Nb3 Qa4 14. g4 bxc3 15. Nc5
Qb4 16. a3 Qxb2 17. gxf5 c2 18. Qc1 Qc3+ 19. Ke2 Nd7 20. Qe1 Qb2 21. Qc1 Bxe5
22. fxe5 Qxe5+ 23. Kd2 Nxc5 24. Bxc5 Bxf5 25. Nf3 Qf4+ 26. Kc3 Qxf3+ 27. Qe3
Qxe3+ 28. Bxe3 e5 29. Bc5 d4+ 30. Kd2 O-O-O 31. Bg2 e4 32. Kxc2 Rd5 33. Bb4 a5
34. Be1 Re8 35. Rd1 d3+ 36. Kc3 Rde5 37. Bg3 Rc5+ 38. Kd4 Rc2 39. Bf1 Ra2 40.
Rh2 Rxh2 41. Bxh2 Rd8+ 42. Ke3 c5 43. Be5 Kd7 44. Bg2 Re8 45. Bc3 a4 46. Ba5
1/2-1/2

[Event "Interclubs Adultes"]
[Site "BELFORT"]
[Date "24.??.??"]
[Round "2.5"]
[White "Monsieux, Sebastien"]
[Black "Mohebbi, Jaffar"]
[Result "1-0"]
[WhiteElo "2081"]
[BlackElo "2266"]
[PlyCount "63"]
[EventDate "24.??.??"]
[WhiteTeam "Belfort"]
[BlackTeam "Gambsheim"]

1. d4 d5 2. c4 e6 3. Nc3 c6 4. e3 f5 5. Nf3 Nf6 6. Bd3 Bd6 7. O-O O-O 8. a3
Nbd7 9. Qb3 Kh8 10. cxd5 cxd5 11. Bd2 Ne4 12. Rac1 a6 13. Rfd1 g5 14. Na4 g4
15. Ne5 b5 16. Nc3 Nxf2 17. Kxf2 Qh4+ 18. Ke2 Qxh2 19. Rg1 Bxe5 20. dxe5 Nxe5
21. Nxd5 Bb7 22. Nf4 Bf3+ 23. Kf1 Nxd3 24. Qxd3 Be4 25. Qd4+ Kg8 26. Rc7 Bd3+
27. Qxd3 Rad8 28. Rd7 Rc8 29. Bc3 Rf7 30. Qd4 e5 31. Qd5 Rcf8 32. Rxf7 1-0

[Event "Interclubs Adultes"]
[Site "BELFORT"]
[Date "24.??.??"]
[Round "2.6"]
[White "Syska, Albert"]
[Black "Bangnoi, Alexandre"]
[Result "1-0"]
[WhiteElo "2252"]
[BlackElo "2098"]
[PlyCount "91"]
[EventDate "24.??.??"]
[WhiteTeam "Gambsheim"]
[BlackTeam "Belfort"]

1. e4 c5 2. Nf3 d6 3. d4 cxd4 4. Nxd4 Nf6 5. Nc3 g6 6. g3 Nc6 7. Nde2 Bg4 8.
Bg2 Bg7 9. h3 Bd7 10. O-O O-O 11. Nd5 Nxd5 12. exd5 Na5 13. c3 b5 14. Re1 Re8
15. Bf4 Rb8 16. Rc1 Nc4 17. b3 Nb6 18. Nd4 Rc8 19. Qd2 Rc5 20. Ne2 Qa8 21. Red1
Bc8 22. Be3 Rc7 23. Nd4 Bd7 24. Qd3 a6 25. Ne6 fxe6 26. Bxb6 Rcc8 27. dxe6 Bc6
28. Bxc6 Qxc6 29. Bd4 Qd5 30. Qe3 Qf5 31. g4 Qf8 32. f4 Rc6 33. Rf1 Rec8 34. f5
Bxd4 35. Qxd4 Qg7 36. f6 exf6 37. Rxf6 Rc5 38. Rcf1 Rxc3 39. Qxd6 Rc1 40. e7
Rxf1+ 41. Kxf1 Re8 42. Qe6+ Kh8 43. Rf7 Qa1+ 44. Kg2 Qb2+ 45. Kg3 Qc3+ 46. Kh4
1-0

[Event "Interclubs Adultes"]
[Site "BELFORT"]
[Date "24.??.??"]
[Round "2.7"]
[White "Tachikart, Yassin"]
[Black "Engelmann, Herve"]
[Result "1-0"]
[WhiteElo "2074"]
[BlackElo "2082"]
[PlyCount "65"]
[EventDate "24.??.??"]
[WhiteTeam "Belfort"]
[BlackTeam "Gambsheim"]

1. d4 Nf6 2. c4 g6 3. Nc3 Bg7 4. e4 d6 5. f3 O-O 6. Be3 e5 7. Nge2 Nc6 8. d5
Ne7 9. Qd2 Ne8 10. g4 c6 11. O-O-O cxd5 12. cxd5 Qa5 13. Kb1 Bd7 14. Nc1 a6 15.
Nb3 Qd8 16. h4 f5 17. gxf5 gxf5 18. h5 b5 19. Bh6 Kh8 20. Bxg7+ Nxg7 21. Qh6
Nc8 22. Rg1 Qf6 23. Rg6 Qf7 24. Bh3 Ne7 25. Rxd6 Ng8 26. Qg5 h6 27. Qh4 Nf6 28.
Nc5 Be8 29. Ne6 Nxe6 30. dxe6 Qxh5 31. e7 Rf7 32. Qxh5 Nxh5 33. Rd8 1-0

[Event "Interclubs Adultes"]
[Site "BELFORT"]
[Date "24.??.??"]
[Round "2.8"]
[White "Criqui, Laurence"]
[Black "Cechetto, Lea"]
[Result "1/2-1/2"]
[WhiteElo "1640"]
[BlackElo "1728"]
[PlyCount "52"]
[EventDate "24.??.??"]
[WhiteTeam "Gambsheim"]
[BlackTeam "Belfort"]

1. e4 e5 2. Nf3 Nc6 3. Bc4 Bc5 4. c3 Nf6 5. d3 O-O 6. O-O d6 7. h3 Ne7 8. Bg5
Ng6 9. d4 exd4 10. cxd4 Bb6 11. Nc3 h6 12. Be3 Qe7 13. Re1 Nxe4 14. Nxe4 Qxe4
15. Bxh6 Qc6 16. Rc1 d5 17. Bd3 Qd6 18. Bg5 Bd7 19. Qd2 Rfe8 20. Bxg6 Qxg6 21.
Ne5 Qd6 22. Bf4 Qe7 23. Ng6 Qf6 24. Ne5 Qe7 25. Ng6 Qf6 26. Ne5 Qe7 1/2-1/2

[Event "Interclubs Adultes"]
[Site "VINCENNES"]
[Date "24.??.??"]
[Round "2.1"]
[White "Fedorchuk, Sergey A"]
[Black "Shirazi, Kamran"]
[Result "1-0"]
[WhiteElo "2645"]
[BlackElo "2408"]
[PlyCount "97"]
[EventDate "24.??.??"]
[WhiteTeam "Vincennes"]
[BlackTeam "Lutèce Echecs"]

1. e4 g6 2. d4 Bg7 3. Nf3 d6 4. Nc3 Nf6 5. h3 O-O 6. Be3 c5 7. dxc5 Qa5 8. Nd2
dxc5 9. Nb3 Qc7 10. Bxc5 Rd8 11. Bd3 Nc6 12. Be3 Ne5 13. Qe2 b6 14. O-O Nxd3
15. cxd3 Ba6 16. Rfd1 Rd7 17. Qc2 Bb7 18. Rd2 Rc8 19. a4 Nh5 20. d4 e6 21. Qd1
f5 22. d5 Bxc3 23. bxc3 Qe5 24. Bd4 Qxe4 25. f3 Qf4 26. dxe6 Re7 27. Bf2 Rxe6
28. Rd7 Qb8 29. Nd4 Rd6 30. Re7 Re8 31. Qe2 Rxe7 32. Qxe7 Bd5 33. Re1 Qd8 34.
Qxa7 Rd7 35. Qa6 Bf7 36. Nc6 Qc7 37. Qxb6 Qxb6 38. Bxb6 Rd2 39. a5 Nf4 40. Be3
Rxg2+ 41. Kh1 Ra2 42. Bxf4 Bc4 43. Ne5 Ba6 44. Bh6 Rxa5 45. Nc6 Ra2 46. Re8+
Kf7 47. Re7+ Kf6 48. f4 g5 49. Bxg5+ 1-0

[Event "Interclubs Adultes"]
[Site "VINCENNES"]
[Date "24.??.??"]
[Round "2.2"]
[White "Babault, Patrice"]
[Black "Velikov, Petar"]
[Result "0-1"]
[WhiteElo "2334"]
[BlackElo "2426"]
[PlyCount "68"]
[EventDate "24.??.??"]
[WhiteTeam "Lutèce Echecs"]
[BlackTeam "Vincennes"]

1. e4 c5 2. Nf3 e6 3. d4 cxd4 4. Nxd4 a6 5. Bd3 Bc5 6. Nb3 Ba7 7. Qe2 Nc6 8.
Be3 Bxe3 9. Qxe3 Qc7 10. f4 Nf6 11. N1d2 d6 12. O-O-O b5 13. Kb1 O-O 14. g4
Nxg4 15. Qg3 f5 16. Rhg1 Ra7 17. exf5 exf5 18. Nf3 Qb6 19. Qh4 Nf6 20. Qg5 Raf7
21. Qh4 Re7 22. c3 Qc7 23. Rg3 Ne4 24. Rg2 Be6 25. Bc2 b4 26. Nbd4 Nxd4 27.
Nxd4 bxc3 28. Nxe6 Rxe6 29. Bb3 Rfe8 30. Qh5 Qd7 31. Qxf5 Nd2+ 32. Rdxd2 cxd2
33. Rxd2 g6 34. Qf6 d5 0-1

[Event "Interclubs Adultes"]
[Site "VINCENNES"]
[Date "24.??.??"]
[Round "2.3"]
[White "Rabeyrin, Jean-Jacques"]
[Black "San Emeterio Cabanes, Jose L"]
[Result "0-1"]
[WhiteElo "2305"]
[BlackElo "2373"]
[PlyCount "94"]
[EventDate "24.??.??"]
[WhiteTeam "Vincennes"]
[BlackTeam "Lutèce Echecs"]

1. e4 c5 2. Nf3 Nc6 3. d4 cxd4 4. Nxd4 Nf6 5. Nc3 e5 6. Ndb5 d6 7. Bg5 a6 8.
Bxf6 gxf6 9. Na3 f5 10. Nc4 Nd4 11. exf5 Bxf5 12. Ne3 Be6 13. Bc4 Qg5 14. Bxe6
fxe6 15. Ne4 Qg6 16. Ng3 Bh6 17. O-O O-O 18. c3 Nf5 19. Ngxf5 exf5 20. Nd5 Kh8
21. f4 Rg8 22. Qd2 Rae8 23. Rae1 Rg7 24. Kh1 Qe6 25. c4 Rf7 26. Qa5 Qc8 27. b3
Bg7 28. Qb4 Qc6 29. a4 e4 30. Qd2 Qc5 31. Rd1 b5 32. axb5 axb5 33. Ne3 bxc4 34.
bxc4 Ra7 35. Rfe1 Ra3 36. Qxd6 Qxd6 37. Rxd6 Bc3 38. Re2 Ra1+ 39. Rd1 Rxd1+ 40.
Nxd1 Ra8 41. g4 Ra1 42. gxf5 Rxd1+ 43. Kg2 Rd4 44. c5 Bd2 45. Kg3 e3 46. Kf3
Rc4 47. Rg2 Rxf4+ 0-1

[Event "Interclubs Adultes"]
[Site "VINCENNES"]
[Date "24.??.??"]
[Round "2.4"]
[White "Lamorelle, Yves"]
[Black "Fayard, Alain"]
[Result "1-0"]
[WhiteElo "2233"]
[BlackElo "2360"]
[PlyCount "67"]
[EventDate "24.??.??"]
[WhiteTeam "Lutèce Echecs"]
[BlackTeam "Vincennes"]

1. e4 e5 2. Nf3 Nc6 3. Bc4 Bc5 4. d3 Nf6 5. O-O a6 6. c3 O-O 7. d4 Ba7 8. Re1
d6 9. h3 h6 10. Bb3 Qe7 11. Qd3 b5 12. a4 Bd7 13. axb5 axb5 14. d5 Bxf2+ 15.
Kxf2 Rxa1 16. dxc6 Bxc6 17. Nbd2 Nd7 18. Qe2 Kh8 19. Bc2 Nc5 20. Nf1 Qd8 21.
Ng3 Qa8 22. Bxh6 Rxe1 23. Nxe1 f5 24. Bd2 Nxe4+ 25. Nxe4 fxe4+ 26. Kg1 Qa7+ 27.
Be3 Qa2 28. Qh5+ Kg8 29. Nf3 Qf7 30. Qh4 Qg6 31. Bb3+ d5 32. Nxe5 Qe6 33. Nxc6
Qxc6 34. Qg5 1-0

[Event "Interclubs Adultes"]
[Site "VINCENNES"]
[Date "24.??.??"]
[Round "2.5"]
[White "Carbonnel, Pierre"]
[Black "Carpentier, Pierre"]
[Result "0-1"]
[WhiteElo "2311"]
[BlackElo "2168"]
[PlyCount "54"]
[EventDate "24.??.??"]
[WhiteTeam "Vincennes"]
[BlackTeam "Lutèce Echecs"]

1. e4 e6 2. d3 c5 3. Nf3 Nc6 4. g3 g6 5. Bg2 Bg7 6. O-O Nge7 7. c3 O-O 8. Bf4
e5 9. Be3 b6 10. Qb3 d6 11. Na3 h6 12. Rad1 Be6 13. Qa4 f5 14. exf5 gxf5 15. d4
f4 16. Bc1 e4 17. d5 exf3 18. Bh1 fxg3 19. fxg3 Bxd5 20. Rxd5 Nxd5 21. Qxc6 Ne7
22. Qe4 Qd7 23. Bxf3 d5 24. Qd3 Rad8 25. Bf4 Qe6 26. Nb5 Qg6 27. Qd1 Rxf4 0-1

[Event "Interclubs Adultes"]
[Site "VINCENNES"]
[Date "24.??.??"]
[Round "2.6"]
[White "Maleki, Nicolas"]
[Black "Schabanel, Stephane"]
[Result "1-0"]
[WhiteElo "2193"]
[BlackElo "2268"]
[PlyCount "107"]
[EventDate "24.??.??"]
[WhiteTeam "Lutèce Echecs"]
[BlackTeam "Vincennes"]

1. e4 c5 2. Nf3 d6 3. d4 cxd4 4. Nxd4 Nf6 5. Nc3 Nc6 6. Be3 Ng4 7. Bg5 h6 8.
Bh4 g5 9. Bg3 Bg7 10. Nb3 Be6 11. Be2 Nge5 12. Nd5 Ng6 13. c3 O-O 14. h4 gxh4
15. Bxh4 f5 16. exf5 Nxh4 17. Rxh4 Rxf5 18. Nf4 Bf7 19. Qc2 Rg5 20. Nh5 Bxh5
21. Rxh5 Rxh5 22. Bxh5 Qf8 23. O-O-O a5 24. Bf3 a4 25. Bxc6 bxc6 26. Nd4 Qf7
27. Kb1 a3 28. b3 Rf8 29. f3 c5 30. Nb5 Qf6 31. Nxa3 Qxc3 32. Qxc3 Bxc3 33. Nb5
Be5 34. Kc2 Kf7 35. a4 Bf4 36. Nc7 e6 37. Re1 Bg3 38. Rxe6 d5 39. Rxh6 Rd8 40.
Nb5 d4 41. Kd3 Re8 42. Nd6+ Bxd6 43. Rxd6 Re3+ 44. Kc4 Rc3+ 45. Kd5 Rc2 46. a5
d3 47. Ke4 Rxg2 48. Kxd3 Ra2 49. a6 Ke7 50. Rh6 Rf2 51. Ke3 Rb2 52. a7 Rxb3+
53. Ke4 Ra3 54. Rh8 1-0

[Event "Interclubs Adultes"]
[Site "VINCENNES"]
[Date "24.??.??"]
[Round "2.7"]
[White "Peyrat, Olivier"]
[Black "Wunderman, Xavier"]
[Result "0-1"]
[WhiteElo "2246"]
[BlackElo "2092"]
[PlyCount "96"]
[EventDate "24.??.??"]
[WhiteTeam "Vincennes"]
[BlackTeam "Lutèce Echecs"]

1. Nf3 d5 2. g3 Nf6 3. Bg2 Bf5 4. O-O e6 5. c4 c6 6. b3 Nbd7 7. Bb2 Be7 8. d3
h6 9. Nbd2 O-O 10. a3 Bh7 11. Rc1 Rc8 12. Rc2 b5 13. Qa1 bxc4 14. bxc4 Nb6 15.
Bh3 Na4 16. Be5 Bd6 17. Rfc1 Bxe5 18. Qxe5 Nd7 19. Qd6 Ndb6 20. Qe5 Qe7 21. c5
Nd7 22. Qd4 Naxc5 23. Rxc5 Nxc5 24. Rxc5 e5 25. Nxe5 f6 26. Nxc6 Qxe2 27. Qxd5+
Kh8 28. Ne4 Qd1+ 29. Kg2 Rce8 30. Bd7 f5 31. Bxe8 fxe4 32. dxe4 Qf3+ 33. Kh3
Bxe4 34. Qe6 Qg2+ 35. Kh4 Qxh2+ 36. Qh3 g5+ 37. Rxg5 hxg5+ 38. Kg4+ Qxh3+ 39.
Kxh3 Rxe8 40. Nxa7 Kg7 41. Nb5 Bd3 42. Nc3 Kg6 43. g4 Ra8 44. a4 Bc2 45. Kg3
Bxa4 46. Nd5 Bd1 47. Ne3 Ra3 48. Kg2 Rxe3 0-1

[Event "Interclubs Adultes"]
[Site "VINCENNES"]
[Date "24.??.??"]
[Round "2.8"]
[White "Afrakhteh, Nahid"]
[Black "Descroix, Claire"]
[Result "1/2-1/2"]
[WhiteElo "1445"]
[BlackElo "1649"]
[PlyCount "107"]
[EventDate "24.??.??"]
[WhiteTeam "Lutèce Echecs"]
[BlackTeam "Vincennes"]

1. d4 d5 2. Nf3 e6 3. c4 Nf6 4. Bg5 Be7 5. e3 Nbd7 6. Nc3 c6 7. cxd5 cxd5 8.
Bd3 O-O 9. O-O Nb6 10. Bxf6 Bxf6 11. Rc1 Bd7 12. Bb1 Rc8 13. Qd3 g6 14. b3 a6
15. a4 Bg7 16. e4 dxe4 17. Nxe4 Nd5 18. Qd2 Rc6 19. Ne5 Rxc1 20. Rxc1 f6 21.
Nxd7 Qxd7 22. Nc5 Qf7 23. Be4 Rd8 24. Re1 Re8 25. Bxd5 exd5 26. Rxe8+ Qxe8 27.
g3 Qc6 28. Qf4 Qc8 29. Qd6 Qc6 30. Qb8+ Bf8 31. Qxb7 Qxb7 32. Nxb7 Kf7 33. Nc5
a5 34. Nd7 Bb4 35. f4 f5 36. Kf2 Ke7 37. Ne5 Kd6 38. h3 Bc3 39. Ke3 Be1 40. Kf3
Bc3 41. Ke3 Be1 42. g4 fxg4 43. hxg4 Ke6 44. Nf3 Bc3 45. Ng5+ Ke7 46. Nxh7 Bb2
47. Ng5 Bc1+ 48. Kf3 Bb2 49. f5 gxf5 50. gxf5 Bxd4 51. Kg4 Be5 52. Nf3 Bb2 53.
Kg5 Bf6+ 54. Kf4 1/2-1/2

[Event "Nationale 1 Lyon-Grasse"]
[Site "Avignon"]
[Date "2007.11.24"]
[Round "2.1"]
[White "Barnaure, V."]
[Black "Colovic, A."]
[Result "1/2-1/2"]
[WhiteElo "2474"]
[BlackElo "2477"]
[Annotator "Avignon,Club"]
[PlyCount "45"]
[EventDate "2007.??.??"]

{159MB, DFritz10.ctg} 1. d4 d5 2. c4 c6 3. Nc3 Nf6 4. e3 e6 5. Nf3 Nbd7 6. b3
Bd6 7. Bb2 O-O 8. Be2 b6 9. O-O Bb7 10. Qc2 Qe7 11. Rad1 Rad8 12. Rfe1 Rfe8 13.
h3 h6 14. Qb1 c5 15. cxd5 exd5 16. Bf1 Qe6 17. Bd3 Ne4 18. dxc5 bxc5 19. Nxe4
dxe4 20. Bc4 Qe7 21. Nh4 Be5 22. Ng6 Qg5 23. Nxe5 1/2-1/2

[Event "Nationale 1 Avignon-Besançon"]
[Site "Avignon"]
[Date "2007.11.24"]
[Round "2.2"]
[White "Rahal, M."]
[Black "Sermier, G."]
[Result "1/2-1/2"]
[WhiteElo "2390"]
[BlackElo "2359"]
[Annotator "Avignon,Club"]
[PlyCount "49"]
[EventDate "2007.??.??"]

{159MB, DFritz10.ctg} 1. e4 {0} e6 {0} 2. d4 {0} d5 3. Nc3 Bb4 4. e5 Ne7 5. a3
Bxc3+ 6. bxc3 c5 7. a4 Qc7 8. Nf3 b6 9. Bb5+ Bd7 10. Bd3 Nbc6 11. O-O h6 12.
Re1 O-O 13. Ba3 Na5 14. dxc5 bxc5 15. Nd2 Ng6 16. Qh5 Be8 17. Bxg6 fxg6 18. Qh3
Rf5 19. Nb3 Nxb3 20. cxb3 c4 21. Bd6 Qb6 22. Qe3 cxb3 23. Reb1 Rc8 24. Qxb6
axb6 25. Rxb3 1/2-1/2

[Event "Nationale 1 Avignon-Besançon"]
[Site "Avignon"]
[Date "2007.11.24"]
[Round "2.8"]
[White "Bomba, M."]
[Black "Jeannerot, L."]
[Result "1-0"]
[WhiteElo "1836"]
[BlackElo "1994"]
[Annotator "Avignon,Club"]
[PlyCount "61"]
[EventDate "2007.??.??"]

{159MB, DFritz10.ctg} 1. d4 {0} d5 2. c3 Nf6 3. Nf3 e6 4. Bg5 c5 5. Nbd2 Nc6 6.
e3 Bd6 7. Bd3 O-O 8. Bh4 e5 9. dxe5 Nxe5 10. Nxe5 Bxe5 11. O-O b6 12. Re1 Be6
13. Nf3 Bc7 14. Ng5 h6 15. Nh7 Bxh2+ 16. Kh1 Be5 17. Nxf8 Kxf8 18. Qc2 g5 19.
f4 gxh4 20. fxe5 Ng4 21. Bf5 Nxe5 22. Bxe6 fxe6 23. Qh7 Nf7 24. Rf1 Qe8 25.
Qh8+ Ke7 26. Qf6+ Kf8 27. Rf4 Rc8 28. Raf1 Rc7 29. Qxh6+ Ke7 30. Rxf7+ Kd8 31.
Rf8 1-0

[Event "Nationale 1 Lyon-Grasse"]
[Site "Avignon"]
[Date "2007.11.24"]
[Round "2.5"]
[White "Ravot, S."]
[Black "Abravanel"]
[Result "1/2-1/2"]
[WhiteElo "2232"]
[BlackElo "2337"]
[Annotator "Avignon,Club"]
[PlyCount "58"]
[EventDate "2007.??.??"]

{159MB, DFritz10.ctg} 1. e4 {0} c6 2. d4 d5 3. e5 Bf5 4. Nc3 e6 5. g4 Bg6 6.
Nge2 c5 7. h4 Nc6 8. h5 Be4 9. Rh3 h6 10. Nxe4 dxe4 11. c3 cxd4 12. cxd4 Qd5
13. Bd2 Nge7 14. Rc1 Rd8 15. Rb3 Nc8 16. Rxb7 e3 17. Bxe3 Nb6 18. Rc7 Bb4+ 19.
Nc3 O-O 20. a3 Bxc3+ 21. Rxc3 Nxe5 22. R3c5 Nf3+ 23. Ke2 Qe4 24. Bg2 Nxd4+ 25.
Kf1 Nf5 26. Bxe4 Nxe3+ 27. fxe3 Rxd1+ 28. Ke2 Rfd8 29. Rc2 R1d7 1/2-1/2

[Event "Nationale 1 Lyon-Grasse"]
[Site "Avignon"]
[Date "2007.11.24"]
[Round "2.6"]
[White "Forestier, F."]
[Black "Safranska, A."]
[Result "0-1"]
[WhiteElo "2187"]
[BlackElo "2294"]
[Annotator "Avignon,Club"]
[PlyCount "78"]
[EventDate "2007.??.??"]

{159MB, DFritz10.ctg} 1. d4 {0} d6 2. c4 e5 3. Nf3 e4 4. Ng5 f5 5. g3 Be7 6. h4
Nf6 7. Bg2 c6 8. Nc3 Na6 9. Rb1 O-O 10. b4 Nc7 11. O-O h6 12. Nh3 Be6 13. c5
Ncd5 14. Nxd5 Nxd5 15. Nf4 Nxf4 16. Bxf4 Bxa2 17. Rb2 Bd5 18. Qc2 Rf7 19. e3 g5
20. hxg5 hxg5 21. Bxd6 Bxd6 22. cxd6 Qxd6 23. b5 Re8 24. Ra1 f4 25. Qc5 Qc7 26.
Rxa7 fxg3 27. bxc6 gxf2+ 28. Rxf2 Qxc6 29. Qxc6 Bxc6 30. Rxf7 Kxf7 31. Ra5 Kf6
32. d5 b6 33. Ra6 Bxd5 34. Rxb6+ Kf5 35. Kf2 Kg4 36. Rb4 Kh4 37. Rb6 Rf8+ 38.
Ke1 Ra8 39. Rb2 Kg3 0-1

[Event "Nationale 1 Avignon-Besançon"]
[Site "Avignon"]
[Date "2007.11.24"]
[Round "2.6"]
[White "Pieroni, G."]
[Black "Burnier, D."]
[Result "0-1"]
[WhiteElo "2228"]
[BlackElo "2292"]
[Annotator "Avignon,Club"]
[PlyCount "58"]
[EventDate "2007.??.??"]

{159MB, DFritz10.ctg} 1. e4 {0} e5 2. d4 exd4 3. Qxd4 Nc6 4. Qe3 Nf6 5. Nc3 d6
6. Bd2 g6 7. O-O-O Bg7 8. f3 O-O 9. Qf2 Be6 10. h4 h5 11. Nge2 Ne5 12. Bg5 c6
13. Nf4 Bc4 14. Bxc4 Nxc4 15. Rhe1 Qa5 16. Qd4 b5 17. Bxf6 c5 18. Qd5 Bxf6 19.
e5 Bxe5 20. Rxe5 dxe5 21. Nd3 Ne3 22. Qxe5 Rfe8 23. Qxc5 Nxd1 24. Kxd1 Rac8 25.
Qxb5 Qd8 26. Qg5 Qd4 27. Ne4 Kg7 28. Ng3 Qg1+ 29. Kd2 Qxg2+ 0-1

[Event "Nationale 1 Cannes-Toulouse"]
[Site "Avignon"]
[Date "2007.11.24"]
[Round "2.4"]
[White "Levacic, D."]
[Black "Heinis, V."]
[Result "1-0"]
[WhiteElo "2253"]
[BlackElo "2202"]
[Annotator "Avignon,Club"]
[PlyCount "55"]
[EventDate "2007.??.??"]

{159MB, DFritz10.ctg} 1. d4 Nf6 2. Nf3 g6 3. Bf4 Bg7 4. e3 d6 5. h3 O-O 6. Be2
c6 7. O-O Nbd7 8. c4 a6 9. a4 a5 10. Nc3 Re8 11. Re1 Qb6 12. Ra3 e5 13. Bh2 Qa7
14. g4 Bf8 15. Ra2 exd4 16. exd4 Nb8 17. g5 Nh5 18. Bf1 Rxe1 19. Qxe1 Na6 20.
b3 Nb4 21. Re2 Bf5 22. Re8 Bd7 23. Rxa8 Qxa8 24. Ne4 d5 25. Nd6 Be6 26. c5 b6
27. cxb6 Qd8 28. b7 1-0

[Event "Nationale 1 Cannes-Toulouse"]
[Site "Avignon"]
[Date "2007.11.24"]
[Round "2.8"]
[White "Verot, M."]
[Black "Sasot"]
[Result "1/2-1/2"]
[WhiteElo "2112"]
[BlackElo "2151"]
[Annotator "Avignon,Club"]
[PlyCount "65"]
[EventDate "2007.??.??"]

{159MB, DFritz10.ctg} 1. d4 d5 2. c4 c6 3. Nc3 Nf6 4. e3 a6 5. Nf3 b5 6. cxd5
cxd5 7. Bd3 e6 8. O-O Be7 9. b3 O-O 10. Bb2 Bb7 11. Rc1 Nbd7 12. Bb1 Rc8 13.
Qd3 Ne4 14. Ne5 f5 15. Ne2 Nxe5 16. dxe5 Qa5 17. Nf4 Kf7 18. Rfd1 Rxc1 19. Rxc1
Rc8 20. Qd1 g6 21. h3 Qd2 22. Qxd2 Nxd2 23. Bd3 Rxc1+ 24. Bxc1 Ne4 25. Bb2 Bb4
26. Ne2 Nc5 27. Bc2 Nd7 28. f4 Nc5 29. Bd4 Ne4 30. Bxe4 dxe4 31. g4 Bd5 32. Nc3
Bc6 33. Kf2 1/2-1/2

[Event "Nationale 1 Avignon-Besançon"]
[Site "Avignon"]
[Date "2007.11.24"]
[Round "2.4"]
[White "Meynard, T."]
[Black "Vesin, J."]
[Result "1/2-1/2"]
[WhiteElo "2288"]
[BlackElo "2286"]
[Annotator "Avignon,Club"]
[PlyCount "88"]
[EventDate "2007.??.??"]

{159MB, DFritz10.ctg} 1. d4 g6 2. e4 Bg7 3. c3 d5 4. e5 c5 5. Nf3 Nc6 6. Na3
cxd4 7. cxd4 Nh6 8. Bf4 Bg4 9. Be2 Nf5 10. Nc2 Qb6 11. Be3 f6 12. h3 Bxf3 13.
Bxf3 fxe5 14. dxe5 Nxe3 15. Nxe3 e6 16. O-O O-O 17. Ng4 Rf7 18. Re1 Raf8 19.
Qd2 Nd4 20. Re3 Rxf3 21. gxf3 Nxf3+ 22. Rxf3 Rxf3 23. Kg2 Rf8 24. f4 h5 25. Nf2
Bh6 26. Nd3 Qd4 27. Rf1 Bxf4 28. Rxf4 Rxf4 29. Qxf4 Qxd3 30. Qf6 Qe4+ 31. Kh2
Qf5 32. Qd8+ Kg7 33. Qd6 Kh6 34. Kg3 h4+ 35. Kg2 Kg5 36. Qd8+ Kf4 37. Qxh4+
Kxe5 38. Qg3+ Kf6 39. Qd6 Qe4+ 40. Kf2 g5 41. Qf8+ Ke5 42. Qg7+ Kf4 43. Qf6+
Qf5 44. Qd4+ Qe4 1/2-1/2